| 000 | 00816cam a2200301Mi 4500 | ||
|---|---|---|---|
| 001 | 9749 | ||
| 005 | 20230410103923.0 | ||
| 008 | 060907s1994 xx 000 0 eng d | ||
| 035 | _a(OCoLC)ocn243801093 | ||
| 040 |
_aGEBAY _bger _cGEBAY |
||
| 020 | _a0195072812 | ||
| 020 | _a9780195072815 | ||
| 020 | _a0195072820 | ||
| 020 | _a9780195072822 | ||
| 035 | _a(OCoLC)243801093 | ||
| 049 | _aGRAL | ||
| 050 | 1 | 4 |
_a439 DS 62.4 _bL673s 1994 |
| 082 | 0 | 0 | _a956 |
| 100 | 1 |
_aLewis, Bernard, _d1916- |
|
| 245 | 1 | 4 |
_aThe shaping of the modern Middle East / _cBernard Lewis |
| 260 |
_aNew York : _bOxford Univ. Press _c1994 |
||
| 300 |
_avii, 186 p. : _bmaps ; _c25 cm. |
||
| 651 | 0 |
_aMiddle East _xHistory _y1517- |
|
| 651 | 4 |
_aMedio Oriente _xHistoria. |
|
| 942 |
_2lcc _cbk |
||
| 994 |
_aC0 _bDRFGD |
||
| 946 | _alrm | ||
| 999 |
_c28473 _d28473 |
||